states with the most drug addicts - Statistics

General Stats
  • This quiz has been taken 31 times
  • The average score is 10 of 15
Answer Stats
Hint Answer % Correct
4 ohio
84%
8 new mexico
76%
6 pennsylvania
76%
3 kentucky
72%
11 maryland
72%
7 massachusetts
68%
13 michigan
68%
1 west virginia
68%
14 missouri
64%
10 tennessee
64%
2 new hampshire
60%
15 north carolina
60%
9 utah
60%
12 maine
56%
5 rhode island
52%
No matching quizzes found
Score Distribution
Percent of People with Each Score
Percentile by Number Answered
Your Score History
You have not taken this quiz